Sermaye şirketlerinin denetimi (Record no. 9876)

MARC details
000 -BAŞLIK
Sabit Uzunlukta Kontrol Alanı 00910na a2200289 4500
001 - KONTROL NUMARASI
Denetim Alanı 23718
003 - KONTROL NUMARASI IDENTIFIER
Denetim Alanı MIRAKIL
005 - SON İŞLEM TARİHİ VE ZAMANI
Denetim Alanı 20181213155259.0
008 - SABİT-BOY VERİ ELEMANLARI - GENEL BİLGİLER
Sabit Uzunlukta Kontrol Alanı 171214b tu 000 0
020 ## - ULUSLARARASI STANDART KİTAP NUMARASI
Uluslararası Standart Kitap Numarası 9786053993179
040 ## - KATALOGLAMA KAYNAK
Orijinal Kataloglama Ajansı Milas
Kataloglama Dili tur
Metne Dönüştürmek Ajansı TR-AnCHP
041 ## - DİL KODU
Metin / Ses Parça Veya Ayrı Başlığın Dil Kodu tur
082 ## - DEWEY ONLU SINIFLANDIRMA NUMARASI
Sınıflandırma Numarası 346.561066
Ürün Numarası M87s 2013
090 ## - SINIFLAMA NUMARASI
Sınıflama Numarası 346.561066 M87s 2013
100 ## - ANA GİRİŞ - KİŞİSEL İSİM
Kişisel Ad Mutluer, M.Kamil
245 ## - BAŞLIK TABLOSU
Başlık Sermaye şirketlerinin denetimi
Sorumluluk Tablosu, Vb M. Kamil Mutluer, M. Selçuk Uslu, Ziyaettin Bildirici
260 ## - YAYIN, DAĞITIM, VB
Yayın, Dağıtım, Vb Yeri İstanbul
Yayıncı, Dağıtıcı, Vs Adı İstanbul Bilgi Üniversitesi
Yayın, Dağıtım, Vb Tarihi 2013
Üretici Firma sena ofset
300 ## - FİZİKSEL TANIM
Kapsam 397 s.
Boyutlar 23 sm.
440 ## - SERİSİ TABLOSU / KATMA GİRİŞİ - BAŞLIK
Başlık İstanbul Bilgi Üniversitesi Yayınları
Hacim / Ardışık Tanımı 445
490 ## - SERİSİ TABLOSU
Seri Beyanı Hukuk
Hacim / Ardışık Tanımı 18
504 ## - KAYNAKÇA VB NOT
Kaynakça Vb Notu Kaynakça ve dizin var.
650 ## - KONU KATMA GİRİŞ - TOPİKAL DÖNEM
Topikal Süreli Veya Coğrafi Ad Giriş Elemanı Şirketler hukuku
Genel Alt Bölümü Türkiye
650 ## - KONU KATMA GİRİŞ - TOPİKAL DÖNEM
Topikal Süreli Veya Coğrafi Ad Giriş Elemanı Şirketler
Genel Alt Bölümü Denetim
-- kanun ve mevzuat
Coğrafi Alt Bölümü Türkiye
700 ## - KATMA GİRİŞ - KİŞİSEL İSİM
Kişisel Ad Bildirici, Ziyaettin
700 ## - KATMA GİRİŞ - KİŞİSEL İSİM
Kişisel Ad Uslu, M. Selçuk
942 ## - EKLENDİ GİRİŞ ELEMANLARI (KOHA)
Sınıflandırma Veya Raf Düzeni Kaynak Dewey Decimal Classification
Koha Öğesi Türü Books
999 ## - SİSTEM KONTROL NUMARALARI (KOHA)
Koha Biblionumber 9876
Koha Biblioitemnumber 9876
Holdings
Kalıcı Konum Mevcut Konum Edinme Tarihi Edinim Kaynak Toplam Check-Out'Lar Tam Çağrı Numarası Barkod Tarih Son Görülme İtibaren Geçerli Fiyatlar Koha Öğesi Türü
CHP Kütüphanesi CHP Kütüphanesi 12/14/2017 Bağış   346.561066 M87s 2013 017710 12/14/2017 12/14/2017 Books